Normal view
MARC view
Entry Personal Name
001 - CONTROL NUMBER
- control field: 1185227
003 - CONTROL NUMBER IDENTIFIER
- control field: OSt
005 - DATE AND TIME OF LATEST TRANSACTION
- control field: 20260324131347.0
008 - FIXED-LENGTH DATA ELEMENTS
- fixed length control field: 260324|| aca||aabn | a|a d
040 ## - CATALOGING SOURCE
- Original cataloging agency: OSt
- Transcribing agency: OSt
100 ## - HEADING--PERSONAL NAME
- Personal name: Mark Kamimura; Melba Vasquez; Jeanett Castellanos; Alberta M. Gloria; Hector Garza
670 ## - SOURCE DATA FOUND
- Source citation: Work cat.: (OSt)1782293: Mark Kamimura; Melba Vasquez; Jeanett Castellanos; Alberta M. Gloria; Hector Garza, The Latina/o Pathway to the Ph.D.
